Free ride android application (Record no. 5735)

MARC details
000 -LEADER
fixed length control field 00441nam a22001697a 4500
003 - CONTROL NUMBER IDENTIFIER
control field OSt
005 - DATE AND TIME OF LATEST TRANSACTION
control field 20220107122830.0
008 - FIXED-LENGTH DATA ELEMENTS--GENERAL INFORMATION
fixed length control field 170720b xxu||||| |||| 00| 0 eng d
040 ## - CATALOGING SOURCE
Transcribing agency IIITMK
100 ## - MAIN ENTRY--PERSONAL NAME
Personal name Archana Thomas (93615022)
9 (RLIN) 12321
245 ## - TITLE STATEMENT
Title Free ride android application
300 ## - PHYSICAL DESCRIPTION
Extent CSIS
502 ## - DISSERTATION NOTE
Degree type CSIS
Name of granting institution 20115-2017
Year degree granted INT
-- Md Meraj Uddin
650 ## - SUBJECT ADDED ENTRY--TOPICAL TERM
Topical term or geographic name entry element ANDROID
9 (RLIN) 12322
650 ## - SUBJECT ADDED ENTRY--TOPICAL TERM
Topical term or geographic name entry element RIDESHARING SYSTEM
9 (RLIN) 12323
942 ## - ADDED ENTRY ELEMENTS (KOHA)
Source of classification or shelving scheme Dewey Decimal Classification
Koha item type
Holdings
Withdrawn status Lost status Source of classification or shelving scheme Damaged status Not for loan Collection code Home library Current library Shelving location Date acquired Total Checkouts Barcode Date last seen Price effective from Koha item type
    Dewey Decimal Classification     Non Fiction IIITM-K Kerala University of Digital Sciences, Innovation and Technology Knowledge Centre   20/07/2017   R-1266 20/07/2017 20/07/2017 Project Reports